Inter-economy comparisons, a case study (Record no. 665098)

MARC details
000 -LEADER
fixed length control field 00725nam a2200229Ia 4500
003 - CONTROL NUMBER IDENTIFIER
control field OSt
005 - DATE AND TIME OF LATEST TRANSACTION
control field 20220926040557.0
008 - FIXED-LENGTH DATA ELEMENTS--GENERAL INFORMATION
fixed length control field 220923b |||||||| |||| 00| 0 eng d
037 ## - SOURCE OF ACQUISITION
Terms of availability General Book
040 ## - CATALOGING SOURCE
Original cataloging agency RTL
Transcribing agency RTL
Language of cataloging eng
041 ## - LANGUAGE CODE
Source of code eng
Language code of text/sound track or separate title eng
100 ## - MAIN ENTRY--PERSONAL NAME
Personal name Doyle Leonard A
9 (RLIN) 343798
245 #0 - TITLE STATEMENT
Title Inter-economy comparisons, a case study
Remainder of title A comparative study of industrial development, currency development, and inflation
260 ## - PUBLICATION, DISTRIBUTION, ETC.
Date of publication, distribution, etc. 1965
300 ## - PHYSICAL DESCRIPTION
Extent xiii,232p
Dimensions cm.
490 ## - SERIES STATEMENT
Series statement Institute of Business and Economic Research (California)
942 ## - ADDED ENTRY ELEMENTS (KOHA)
Classification part Xy71.N6, K5
Koha item type General Books
Source of classification or shelving scheme Colon Classification (CC)
Holdings
Withdrawn status Lost status Damaged status Not for loan Home library Current library Date acquired Total Checkouts Full call number Barcode Date last seen Price effective from Koha item type
        Ratan Tata Library Ratan Tata Library 2022-09-26   Xy71.N6 K5 RT0039318 2022-09-26 2022-09-26 General Books
Copyright @ Delhi University Library System